000 00721cam a2200253 4500
001 J2462
008 090401t1994 xxu||||| |||| 00| 0 eng d
035 _a(Sirsi) u49162
041 _aeng
050 _a333.72
100 _aHill, P.R.
245 _aEnergy use by office equipment: reducing long-term running costs.
260 _aGarston, Watford
_bBuilding Research Establishment
_c1994
300 _a(4)p. ; 30cm.
350 _a0
490 _aBRE Information Paper
_v10/94
650 _aENERGY CONSERVATION
650 _aENERGY USE
650 _aOFFICE EQUIPMENT
690 _aENVIRONMENTAL AND LAND CONSULTANCY-ENERGY
710 _aBuilding Research Establishment
942 _n0
948 _c04/03/1997
999 _c92505
_d92505